[Event "XVIII Open Ricciardi"]
[Site "Gallarate ITA"]
[Date "2014.05.20"]
[Round "2"]
[White "Novi', Giuseppe"]
[Black "Colusso, Ermes"]
[WhiteElo "1802"]
[BlackElo "1718"]
[Result "1-0"]
[PlyCount "63"]
[EventDate "2014.05.13"]

1. e4 c5 2. Nf3 d6 3. d4 cxd4 4. Nxd4 Nf6 5. Nc3 g6 6. Be3 Bg7 7. Bc4 O-O 8.
O-O Nc6 9. a3 Bd7 10. f3 Rc8 11. Ba2 Ne5 12. Rb1 Nc4 13. Bxc4 Rxc4 14. Qd3 Qc8
15. Rbc1 a6 16. Rfd1 b5 17. Nde2 Be6 18. Nf4 Qc7 19. Nxe6 fxe6 20. Ne2 Nxe4 21.
fxe4 Bxb2 22. Rb1 Bxa3 23. Qxa3 Rxe4 24. Qd3 Re5 25. Rf1 Rc8 26. c3 Qc6 27. Bh6
Qc5+ 28. Nd4 Rd5 29. Kh1 Rh5 30. Qf3 Rxh6 31. Qf7+ Kh8 32. Nxe6 1-0

[Event "XVIII Open Ricciardi"]
[Site "Gallarate ITA"]
[Date "2014.05.20"]
[Round "2"]
[White "Viale, Daniele"]
[Black "Garcia Rubi, Juan"]
[WhiteElo "1579"]
[BlackElo "1413"]
[Result "1-0"]
[PlyCount "23"]
[EventDate "2014.05.13"]

1. e4 e5 2. d4 exd4 3. c3 dxc3 4. Bc4 d6 5. Nf3 Nc6 6. O-O Be7 7. Qb3 Nh6 8.
Bxh6 gxh6 9. Bxf7+ Kf8 10. Bh5 d5 11. exd5 Na5 12. Qxc3 1-0

[Event "XVIII Open Ricciardi"]
[Site "Gallarate ITA"]
[Date "2014.05.27"]
[Round "3"]
[White "Antonetti, Emiliano"]
[Black "Vada, Riccardo"]
[WhiteElo "1422"]
[BlackElo "1653"]
[Result "0-1"]
[PlyCount "86"]
[EventDate "2014.05.13"]

1. c4 c5 2. Nc3 Nc6 3. Nf3 Nf6 4. d3 d6 5. e4 e5 6. Bg5 Be7 7. Bxf6 Bxf6 8. Nd5
O-O 9. Be2 Qa5+ 10. Nc3 Be6 11. O-O a6 12. a3 Rfb8 13. Nd5 Bxd5 14. exd5 Ne7
15. Rb1 b5 16. Nd2 bxc4 17. Ne4 cxd3 18. Nxf6+ gxf6 19. Qxd3 f5 20. Qg3+ Kh8
21. Qg5 Qc7 22. Qf6+ Kg8 23. Bh5 Nxd5 24. Qxf5 Nf4 25. Qg5+ Ng6 26. Bf3 Ra7 27.
h4 Qe7 28. Qxe7 Nxe7 29. Rfd1 Nf5 30. h5 Nd4 31. Bd5 Kg7 32. Rd3 f5 33. Rh3 Kh6
34. b4 a5 35. b5 Rxb5 36. Rxb5 Nxb5 37. Rb3 Nc7 38. Rb6 Ra6 39. Rxa6 Nxa6 40.
Be6 Kg5 41. g3 Nc7 42. Bf7 d5 43. Kf1 Kf6 0-1

[Event "XVIII Open Ricciardi"]
[Site "Gallarate ITA"]
[Date "2014.05.27"]
[Round "3"]
[White "Colusso, Ermes"]
[Black "Cova, Ennio"]
[WhiteElo "1718"]
[BlackElo "1666"]
[Result "1-0"]
[PlyCount "103"]
[EventDate "2014.05.13"]

1. e4 e5 2. f4 d5 3. exd5 e4 4. d3 Nf6 5. dxe4 Nxe4 6. Nf3 Bc5 7. Qe2 Bf2+ 8.
Kd1 Qxd5+ 9. Nbd2 Bf5 10. Ng5 O-O 11. Ngxe4 Bxe4 12. Qxe4 Qd6 13. Bd3 g6 14.
Rf1 Bd4 15. c3 Bg7 16. Nc4 Qd8 17. Re1 Nd7 18. Kc2 Nc5 19. Qf3 Nxd3 20. Qxd3
Qh4 21. Qg3 Qf6 22. Bd2 Rfd8 23. Qg5 Qc6 24. Ne5 Qd5 25. Nf3 Qd3+ 26. Kc1 h6
27. Qc5 Rd6 28. Qe3 Qf5 29. Qe4 Qd7 30. Kc2 Rd8 31. Rad1 Re6 32. Qc4 Rc6 33.
Qe4 Re6 34. Ne5 Qe8 35. Qc4 b5 36. Qxc7 Rc8 37. Qd7 Bxe5 38. Qxe8+ Rcxe8 39.
Rxe5 Rxe5 40. fxe5 Rxe5 41. Bf4 Re2+ 42. Rd2 Rxd2+ 43. Kxd2 g5 44. Be5 Kh7 45.
Kd3 Kg6 46. Bd4 a6 47. g4 h5 48. h3 hxg4 49. hxg4 f5 50. gxf5+ Kxf5 51. c4 g4
52. c5 1-0

[Event "XVIII Open Ricciardi"]
[Site "Gallarate ITA"]
[Date "2014.05.27"]
[Round "3"]
[White "Pogliano, Stefano"]
[Black "Viale, Daniele"]
[WhiteElo "2012"]
[BlackElo "1579"]
[Result "1-0"]
[PlyCount "103"]
[EventDate "2014.05.13"]

1. e4 e5 2. Nf3 Nc6 3. Bb5 a6 4. Ba4 Nf6 5. O-O Be7 6. c3 b5 7. Bb3 O-O 8. Qe2
d5 9. exd5 e4 10. Ng5 Bg4 11. Qe3 Ne5 12. Nxe4 Nxe4 13. Qxe4 Bd6 14. f4 f5 15.
Qe3 Re8 16. Qg3 h5 17. fxe5 Rxe5 18. d4 h4 19. Qxe5 Bxe5 20. dxe5 h3 21. g3 Kh8
22. Be3 Qe7 23. Bd4 Rf8 24. Nd2 Qg5 25. Rf4 Re8 26. a4 c5 27. dxc6 Qg6 28. axb5
axb5 29. e6 Rxe6 30. Bxe6 Qxe6 31. Ra8+ Kh7 32. Ra7 Qxc6 33. Rxg7+ Kh6 34. Rf2
Qe6 35. Nf1 Qe4 36. Ra7 Be2 37. Be3+ f4 38. Bxf4+ Kg6 39. Nd2 Qc2 40. Rxe2 Qd1+
41. Kf2 Qh1 42. Re6+ Kf5 43. Re5+ Kg6 44. Ra6+ Kf7 45. Rf5+ Kg8 46. Nf3 Qg2+
47. Ke3 Qc2 48. Ra8+ Kh7 49. Rh5+ Kg7 50. Be5+ Kf7 51. Ra7+ Ke6 52. Nd4+ 1-0

[Event "XVIII Open Ricciardi"]
[Site "Gallarate ITA"]
[Date "2014.05.27"]
[Round "3"]
[White "Trabucco, Ennio"]
[Black "Brioschi, Camillo"]
[WhiteElo "1525"]
[BlackElo "1820"]
[Result "0-1"]
[PlyCount "106"]
[EventDate "2014.05.13"]

1. d4 d5 2. c4 c6 3. e3 Nf6 4. Nc3 Bg4 5. Qb3 Qc7 6. cxd5 e6 7. dxc6 Nxc6 8.
Bb5 Be7 9. Nge2 O-O 10. Bd2 Na5 11. Qc2 Nc4 12. Bxc4 Qxc4 13. b3 Qa6 14. f3 Bh5
15. O-O Rac8 16. Qd1 Rfd8 17. Nf4 Bg6 18. Nxg6 hxg6 19. Rc1 Ba3 20. Rc2 Qd3 21.
Bc1 Rxc3 22. Qxd3 Rxd3 23. Bxa3 Rxe3 24. Rd1 Nd5 25. Bc1 Rc3 26. Rxc3 Nxc3 27.
Rd2 Kf8 28. Bb2 Nd5 29. Kf2 Ke8 30. g3 Kd7 31. Ke2 g5 32. a3 Rc8 33. Kd3 f6 34.
Bc1 Rc3+ 35. Ke2 Rxb3 36. Rd3 Rb1 37. Kd2 a5 38. Kc2 Rb6 39. Bd2 a4 40. Ba5
Rc6+ 41. Kd2 b6 42. Bc3 Rc8 43. Kc2 Kc6 44. Kb2 Kb5 45. Be1 Kc6 46. Bd2 Rh8 47.
f4 gxf4 48. Bxf4 Rxh2+ 49. Rd2 Rxd2+ 50. Bxd2 Kb5 51. Be1 Kc4 52. Bf2 b5 53.
Kc2 Ne7 0-1

[Event "XVIII Open Ricciardi"]
[Site "Gallarate ITA"]
[Date "2014.05.27"]
[Round "3"]
[White "Virgilio, Gianluca"]
[Black "Novi', Giuseppe"]
[WhiteElo "1787"]
[BlackElo "1802"]
[Result "1-0"]
[PlyCount "81"]
[EventDate "2014.05.13"]

1. d4 e6 2. Nf3 c5 3. e3 cxd4 4. exd4 Nf6 5. Bd3 Be7 6. O-O O-O 7. c3 d6 8. Bf4
b6 9. Nbd2 Bb7 10. h3 Na6 11. Re1 Nc7 12. Nc4 Ncd5 13. Bh2 b5 14. Ne3 a6 15.
Rc1 Rc8 16. Bb1 Qb6 17. Qd3 g6 18. b3 Nh5 19. Nxd5 Bxd5 20. Nd2 Rfd8 21. c4 Ba8
22. Ne4 Bf8 23. Qe3 Bg7 24. Red1 bxc4 25. bxc4 e5 26. dxe5 Qxe3 27. fxe3 dxe5
28. Rxd8+ Rxd8 29. c5 Bc6 30. Nd6 Bh6 31. Kf2 f6 32. Be4 Bxe4 33. Nxe4 Rc8 34.
g4 Ng7 35. Nxf6+ Kf7 36. Ne4 Ke6 37. g5 Bxg5 38. Nxg5+ Kd5 39. Rd1+ Kc4 40.
Bxe5 Rxc5 41. Rc1+ 1-0

[Event "XVIII Open Ricciardi"]
[Site "Gallarate ITA"]
[Date "2014.06.03"]
[Round "4"]
[White "Brioschi, Camillo"]
[Black "Colusso, Ermes"]
[WhiteElo "1820"]
[BlackElo "1718"]
[Result "1-0"]
[PlyCount "89"]
[EventDate "2014.05.13"]

1. d4 Nf6 2. c4 e5 3. dxe5 Ne4 4. a3 b6 5. Nf3 Bb7 6. Nbd2 d6 7. Nxe4 Bxe4 8.
Bf4 Bxf3 9. gxf3 g5 10. Bg3 h5 11. h4 Rh6 12. hxg5 Qxg5 13. f4 Qe7 14. Bh4 Qd7
15. Bh3 Qc6 16. Qd5 Qxd5 17. cxd5 dxe5 18. fxe5 Nd7 19. f4 Be7 20. Bxe7 Kxe7
21. Rc1 Rc8 22. Rg1 Rg6 23. Kf2 Rxg1 24. Kxg1 Rg8+ 25. Kf2 Kd8 26. Bxd7 Kxd7
27. Rh1 Rh8 28. f5 Ke7 29. Kf3 Rh6 30. Kf4 f6 31. e6 a5 32. e4 Kd6 33. Rc1 h4
34. Rc6+ Ke7 35. Rxc7+ Kd6 36. Rc2 h3 37. Rh2 Rh4+ 38. Kg3 Rxe4 39. Rxh3 Rd4
40. Rh8 Ke7 41. Rh7+ Ke8 42. Rd7 Rd2 43. d6 Rxb2 44. Rb7 Kf8 45. Rb8+ 1-0

[Event "XVIII Open Ricciardi"]
[Site "Gallarate ITA"]
[Date "2014.06.03"]
[Round "4"]
[White "Cova, Ennio"]
[Black "Trabucco, Ennio"]
[WhiteElo "1666"]
[BlackElo "1525"]
[Result "1-0"]
[PlyCount "85"]
[EventDate "2014.05.13"]

1. e4 e5 2. Nf3 Nc6 3. d4 exd4 4. Bc4 Be7 5. O-O d6 6. Nxd4 Nxd4 7. Qxd4 Bf6 8.
Qe3 Ne7 9. Nc3 O-O 10. Nd5 Nxd5 11. exd5 Bf5 12. Qb3 Rb8 13. Bf4 b5 14. Be2 a5
15. c3 b4 16. Qc4 bxc3 17. bxc3 Rb2 18. Bd3 Bxd3 19. Qxd3 Qd7 20. Rfb1 Rfb8 21.
Rxb2 Rxb2 22. Bc1 Rb7 23. Be3 Qb5 24. c4 Qd7 25. Rb1 Rxb1+ 26. Qxb1 h6 27. a3
c5 28. Bd2 a4 29. Qb5 Qxb5 30. cxb5 Bd8 31. Bf4 Bc7 32. b6 Bxb6 33. Bxd6 f6 34.
Kf1 Kf7 35. Ke2 g6 36. Kd3 Ke8 37. Kc4 Kd7 38. Bxc5 Bxc5 39. Kxc5 h5 40. g4 f5
41. gxf5 gxf5 42. h3 h4 43. f4 1-0

[Event "XVIII Open Ricciardi"]
[Site "Gallarate ITA"]
[Date "2014.06.03"]
[Round "4"]
[White "Loaldi, Davide"]
[Black "Garcia Rubi, Juan"]
[WhiteElo "1581"]
[BlackElo "1413"]
[Result "1-0"]
[PlyCount "71"]
[EventDate "2014.05.13"]

1. e4 c5 2. Nf3 d6 3. Nc3 g6 4. d4 cxd4 5. Nxd4 Bg7 6. Be3 e6 7. Ndb5 Bxc3+ 8.
Nxc3 a6 9. a4 Bd7 10. Qxd6 Qe7 11. Qxe7+ Nxe7 12. Bd4 O-O 13. Rd1 Nbc6 14. Bc5
Rfd8 15. Bc4 Be8 16. O-O Rac8 17. Bb3 Rc7 18. Rxd8 Nxd8 19. Bd6 Rd7 20. e5 Nf5
21. Ne4 Nxd6 22. Nf6+ Kg7 23. Nxd7 Bxd7 24. exd6 b6 25. c3 Nb7 26. Bc2 Nc5 27.
b3 a5 28. Rd1 e5 29. Re1 Be6 30. b4 axb4 31. cxb4 Nd7 32. a5 bxa5 33. bxa5 Bd5
34. Ba4 Nf8 35. d7 Ne6 36. Rd1 1-0

[Event "XVIII Open Ricciardi"]
[Site "Gallarate ITA"]
[Date "2014.06.03"]
[Round "4"]
[White "Novi', Giuseppe"]
[Black "Vada, Riccardo"]
[WhiteElo "1802"]
[BlackElo "1653"]
[Result "0-1"]
[PlyCount "68"]
[EventDate "2014.05.13"]

1. e4 c5 2. Nf3 d6 3. d4 cxd4 4. Nxd4 Nc6 5. Nxc6 bxc6 6. Bc4 Nf6 7. Nc3 e6 8.
O-O Be7 9. Bf4 d5 10. exd5 exd5 11. Bd3 O-O 12. Qf3 Be6 13. Rad1 Bg4 14. Qg3
Bxd1 15. Rxd1 g6 16. Bh6 Re8 17. Ne2 Qd7 18. Nd4 Qg4 19. Qxg4 Nxg4 20. Bf4 Bc5
21. Bf1 Re4 22. Be3 Nxe3 23. fxe3 Rxe3 24. Kh1 Rae8 25. Nf3 g5 26. h3 R8e6 27.
Bd3 g4 28. Ng5 Re1+ 29. Rxe1 Rxe1+ 30. Kh2 Bd6+ 31. g3 h6 32. Nh7 Kg7 33. hxg4
Re3 34. g5 Rxd3 0-1

[Event "XVIII Open Ricciardi"]
[Site "Gallarate ITA"]
[Date "2014.06.03"]
[Round "4"]
[White "Viale, Daniele"]
[Black "Melino, Gianluca"]
[WhiteElo "1579"]
[BlackElo "1767"]
[Result "1-0"]
[PlyCount "67"]
[EventDate "2014.05.13"]

1. e4 g6 2. d4 Bg7 3. f4 d6 4. c3 e5 5. Nf3 exd4 6. cxd4 Nf6 7. Nc3 O-O 8. Bd3
Bg4 9. Be3 Nc6 10. O-O Nh5 11. Be2 Nf6 12. e5 Nd7 13. Ng5 Bxe2 14. Qxe2 Nb6 15.
Rad1 h6 16. Nge4 Ne7 17. Ng3 Qc8 18. f5 gxf5 19. Qh5 Qe6 20. Nxf5 Nxf5 21. Rxf5
Qg6 22. Qh3 Rae8 23. Bf4 Nc4 24. Rd3 dxe5 25. Rg3 exf4 26. Rxg6 fxg6 27. Rxf8+
Kxf8 28. Qd3 Nxb2 29. Qd2 Re3 30. Nd5 Rd3 31. Qxf4+ Kg8 32. h3 Rxd4 33. Nf6+
Bxf6 34. Qxf6 1-0

[Event "XVIII Open Ricciardi"]
[Site "Gallarate ITA"]
[Date "2014.06.03"]
[Round "4"]
[White "Virgilio, Gianluca"]
[Black "Pogliano, Stefano"]
[WhiteElo "1787"]
[BlackElo "2012"]
[Result "1-0"]
[PlyCount "97"]
[EventDate "2014.05.13"]

1. d4 Nf6 2. Nf3 c5 3. e3 e6 4. Bd3 d5 5. c3 Nc6 6. Nbd2 Be7 7. O-O O-O 8. Qe2
Qc7 9. dxc5 Bxc5 10. e4 dxe4 11. Nxe4 Nxe4 12. Qxe4 f5 13. Qh4 Be7 14. Bg5 Bf6
15. Rfe1 Bd7 16. Qc4 Kh8 17. Bxf6 Rxf6 18. Ne5 Rc8 19. Nxc6 Qxc6 20. Qxc6 Rxc6
21. Bb5 Rc7 22. Rad1 Rf7 23. Rxe6 g6 24. Bxd7 Rcxd7 25. Red6 Rde7 26. Kf1 Kg7
27. c4 Rc7 28. R1d4 Rfe7 29. b4 a6 30. f3 Kf7 31. Kf2 Re6 32. Rxe6 Kxe6 33. Ke3
g5 34. g3 h5 35. Kd3 g4 36. f4 h4 37. c5 hxg3 38. hxg3 Rh7 39. Kc4 Rh2 40. a4
Rc2+ 41. Kb3 Rg2 42. Rd3 Rg1 43. b5 a5 44. c6 bxc6 45. bxc6 Rc1 46. Rc3 Rb1+
47. Kc2 Rb8 48. c7 Rc8 49. Kd3 1-0

[Event "XVIII Open Ricciardi"]
[Site "Gallarate ITA"]
[Date "2014.06.10"]
[Round "5"]
[White "Cervini, Gian Piero"]
[Black "Loaldi, Davide"]
[WhiteElo "1806"]
[BlackElo "1581"]
[Result "0-1"]
[PlyCount "92"]
[EventDate "2014.05.13"]

1. e4 e6 2. d4 d5 3. Nc3 Nf6 4. e5 Nfd7 5. f4 c5 6. Nf3 Nc6 7. Be3 Be7 8. Be2
cxd4 9. Nxd4 Nxd4 10. Bxd4 O-O 11. O-O a6 12. Bd3 f5 13. Rf3 Nc5 14. Bf1 b5 15.
Rh3 g6 16. a3 Bb7 17. g4 Qc8 18. g5 Ne4 19. Nxe4 dxe4 20. Rc3 Qe8 21. h4 Rc8
22. Rh3 Bc5 23. Bxc5 Rxc5 24. Qe2 Qf7 25. Rd1 Rd5 26. Rxd5 Bxd5 27. h5 Qa7+ 28.
Kh2 Bc4 29. Qg2 Bxf1 30. Qxf1 Qd4 31. hxg6 hxg6 32. Rh6 Qd2+ 33. Kh1 Kg7 34.
Rh2 Rh8 35. Rxh8 Kxh8 36. Qh3+ Kg8 37. Qh6 Qe1+ 38. Kg2 Qe2+ 39. Kg1 Qd1+ 40.
Kg2 Qxc2+ 41. Kg1 Qc1+ 42. Kg2 Qxb2+ 43. Kg1 Qc1+ 44. Kg2 Qd2+ 45. Kg1 Qd1+ 46.
Kg2 Qh5 0-1

[Event "XVIII Open Ricciardi"]
[Site "Gallarate ITA"]
[Date "2014.06.10"]
[Round "5"]
[White "Colusso, Ermes"]
[Black "Garcia Rubi, Juan"]
[WhiteElo "1718"]
[BlackElo "1413"]
[Result "1-0"]
[PlyCount "75"]
[EventDate "2014.05.13"]

1. e4 c5 2. Nf3 d6 3. d4 cxd4 4. Nxd4 Nf6 5. Nc3 a6 6. Bg5 e6 7. f4 Be7 8. Qf3
e5 9. Nf5 Bxf5 10. exf5 Qc7 11. O-O-O O-O 12. Bxf6 Bxf6 13. Nd5 Qd8 14. g4 exf4
15. Nxf6+ Qxf6 16. Qxf4 Qe5 17. Qxe5 dxe5 18. Bg2 Nc6 19. Rd7 Nd8 20. Re1 Re8
21. Be4 f6 22. Red1 Rb8 23. h4 h6 24. R1d6 Kf8 25. Bd5 e4 26. Kd2 e3+ 27. Ke2
b6 28. c3 a5 29. b3 b5 30. Ra6 Rc8 31. c4 bxc4 32. Bxc4 Re7 33. Rxe7 Kxe7 34.
Ra7+ Kf8 35. Kxe3 Rc5 36. Rd7 Re5+ 37. Kf3 Re8 38. a4 1-0

[Event "XVIII Open Ricciardi"]
[Site "Gallarate ITA"]
[Date "2014.06.10"]
[Round "5"]
[White "Cova, Ennio"]
[Black "Viale, Daniele"]
[WhiteElo "1666"]
[BlackElo "1579"]
[Result "0-1"]
[PlyCount "100"]
[EventDate "2014.05.13"]

1. e4 c6 2. d4 d5 3. e5 Bf5 4. Nf3 e6 5. Bd3 Bg6 6. h4 Ne7 7. h5 Bf5 8. Bg5
Bxd3 9. Qxd3 Qb6 10. Nbd2 Nd7 11. Nb3 h6 12. Bd2 c5 13. dxc5 Nxc5 14. Nxc5 Qxc5
15. Nd4 Rc8 16. c3 Nc6 17. Nxc6 Qxc6 18. O-O Qc4 19. Qf3 b6 20. b3 Qc7 21. Rfe1
Rg8 22. Qg3 Qd7 23. Bxh6 Rh8 24. Bxg7 Rxh5 25. Bxf8 Kxf8 26. Re3 Qe7 27. Rae1
Rg5 28. Qh3 Ke8 29. Qh7 Qf8 30. g3 Rg7 31. Qh5 Qg8 32. Qf3 Rg6 33. Kg2 Rh6 34.
Rh1 Rxh1 35. Kxh1 Qh7+ 36. Kg2 d4 37. cxd4 Rc1 38. Qa8+ Ke7 39. Qb7+ Kf8 40.
Qb8+ Kg7 41. Kf3 Qf5+ 42. Kg2 Qh5 43. g4 Qh1+ 44. Kg3 Rg1+ 45. Kf4 Qh2+ 46. Kf3
Qh3+ 47. Ke2 Qxg4+ 48. Kd3 Qd1+ 49. Kc4 Qf1+ 50. Kb4 a5+ 0-1

[Event "XVIII Open Ricciardi"]
[Site "Gallarate ITA"]
[Date "2014.06.11"]
[Round "5"]
[White "Melino, Gianluca"]
[Black "Novi', Giuseppe"]
[WhiteElo "1767"]
[BlackElo "1802"]
[Result "0-1"]
[PlyCount "122"]
[EventDate "2014.05.13"]

1. d4 Nf6 2. Bg5 e6 3. Nd2 Be7 4. e4 h6 5. Bh4 O-O 6. Ngf3 d6 7. Bd3 b6 8. Qe2
Bb7 9. O-O Nc6 10. a3 Nh5 11. Bxe7 Nxe7 12. g3 Ng6 13. e5 f5 14. exd6 Qxd6 15.
Rfe1 Rae8 16. Bc4 Rf6 17. Ba6 Ba8 18. a4 c5 19. dxc5 Qxc5 20. Qb5 Qe7 21. Qe2
Qd6 22. Rad1 Qc7 23. Qc4 Qb8 24. Qe2 Re7 25. Nc4 Be4 26. Nd6 Bd5 27. Nc4 Qa8
28. Ncd2 Rff7 29. Bc4 Nf6 30. Bxd5 Nxd5 31. c4 Nf6 32. Ne5 Nxe5 33. Qxe5 Ng4
34. Qe2 Qc6 35. h3 Nf6 36. b3 e5 37. Nf3 Ne4 38. Rd3 Rf6 39. Nd2 Ng5 40. Kh2 e4
41. Rd5 Qe6 42. h4 Nf7 43. f4 Rd7 44. Rxd7 Qxd7 45. c5 bxc5 46. Nc4 Qb7 47. Qe3
Qd5 48. Re2 Nd6 49. Ne5 Qd4 50. Nd7 Rf7 51. Nxc5 Qd1 52. Rd2 Qc1 53. Qd4 Nb7
54. Ne6 Qc8 55. Qd5 Kh8 56. b4 Rf6 57. Qd7 Qxd7 58. Rxd7 Rxe6 59. Rxb7 e3 60.
Kg1 e2 61. Kf2 e1=Q+ 0-1

[Event "XVIII Open Ricciardi"]
[Site "Gallarate ITA"]
[Date "2014.06.10"]
[Round "5"]
[White "Pogliano, Stefano"]
[Black "Brioschi, Camillo"]
[WhiteElo "2012"]
[BlackElo "1820"]
[Result "1-0"]
[PlyCount "65"]
[EventDate "2014.05.13"]

1. e4 e5 2. Nf3 Nc6 3. Bb5 a6 4. Ba4 Nf6 5. O-O Be7 6. c3 b5 7. Bb3 O-O 8. Qe2
d6 9. h3 Na5 10. Bc2 c5 11. Rd1 Nc6 12. d4 cxd4 13. cxd4 Qc7 14. Nc3 Re8 15.
dxe5 Nxe5 16. Nxe5 dxe5 17. Be3 Bb7 18. Rac1 Rad8 19. Nd5 Nxd5 20. exd5 Qd6 21.
Bb3 Rc8 22. Qd2 Rxc1 23. Rxc1 Rc8 24. Rxc8+ Bxc8 25. a3 h6 26. Ba2 Bb7 27. b4
Qd7 28. Bc5 Bg5 29. Qd3 g6 30. Qe4 f5 31. Qxe5 Kh7 32. Bd4 Kg8 33. d6+ 1-0

[Event "XVIII Open Ricciardi"]
[Site "Gallarate ITA"]
[Date "2014.06.10"]
[Round "5"]
[White "Vada, Riccardo"]
[Black "Virgilio, Gianluca"]
[WhiteElo "1653"]
[BlackElo "1787"]
[Result "1-0"]
[PlyCount "71"]
[EventDate "2014.05.13"]

1. e4 c5 2. Nf3 Nc6 3. d4 cxd4 4. Nxd4 Nf6 5. Nc3 e5 6. Nb3 Bb4 7. Bc4 Nxe4 8.
O-O Bxc3 9. bxc3 Nxc3 10. Qf3 d5 11. Qxc3 dxc4 12. Qxc4 O-O 13. Be3 Be6 14. Qe4
Qf6 15. Nc5 Bf5 16. Qf3 b6 17. Na6 Bxc2 18. Qxf6 gxf6 19. Rfc1 Ba4 20. Nc7 Rac8
21. Nd5 Kg7 22. Rc4 Bb5 23. Rg4+ Kh8 24. Nxf6 h5 25. Rg5 Bd3 26. f4 exf4 27.
Bxf4 Bg6 28. Bc1 Kg7 29. Nxh5+ Kh7 30. Nf6+ Kg7 31. Bb2 Kh6 32. Rg3 Rfd8 33.
Ng4+ Kh5 34. Bg7 Rd3 35. Nf6+ Kh4 36. Rg4# 1-0

[Event "XVIII Open Ricciardi"]
[Site "Gallarate ITA"]
[Date "2014.06.17"]
[Round "6"]
[White "Brioschi, Camillo"]
[Black "Cova, Ennio"]
[WhiteElo "1820"]
[BlackElo "1666"]
[Result "1/2-1/2"]
[PlyCount "67"]
[EventDate "2014.05.13"]

1. d4 Nf6 2. c4 g6 3. Nc3 d5 4. Bf4 Bg7 5. e3 O-O 6. Rc1 c6 7. Bd3 dxc4 8. Bxc4
Nbd7 9. Nf3 Nb6 10. Bd3 Nbd5 11. Nxd5 Nxd5 12. Bg3 Qa5+ 13. Qd2 Qxd2+ 14. Kxd2
Bg4 15. Ne5 Be6 16. a3 Rfd8 17. Rc2 Rac8 18. Rhc1 f6 19. Nf3 Bf7 20. Ke2 Nc7
21. b4 a6 22. a4 Bb3 23. Bc4+ Bxc4+ 24. Rxc4 Ne8 25. b5 axb5 26. axb5 Nd6 27.
Bxd6 Rxd6 28. bxc6 Rdxc6 29. Rxc6 Rxc6 30. Rxc6 bxc6 31. Ne1 Kf7 32. Nd3 Ke6
33. Nb4 Kd6 34. Kd3 1/2-1/2

[Event "XVIII Open Ricciardi"]
[Site "Gallarate ITA"]
[Date "2014.06.17"]
[Round "6"]
[White "Garcia Rubi, Juan"]
[Black "Cervini, Gian Piero"]
[WhiteElo "1413"]
[BlackElo "1806"]
[Result "1-0"]
[PlyCount "69"]
[EventDate "2014.05.13"]

1. e4 g6 2. d4 Bg7 3. Nf3 d6 4. h3 Nf6 5. Nc3 O-O 6. Bg5 Nc6 7. Bc4 e5 8. a3
exd4 9. Nxd4 Ne5 10. Ba2 h6 11. Bh4 g5 12. Bg3 Nh5 13. Qxh5 g4 14. Nf5 Bxf5 15.
Qxf5 gxh3 16. Rxh3 c6 17. O-O-O Qa5 18. Rxd6 Rad8 19. Rxd8 Rxd8 20. Bxe5 Qxe5
21. Bxf7+ Kh8 22. Qxe5 Bxe5 23. Bg6 Kg7 24. Bf5 a5 25. Ne2 b5 26. f4 Bf6 27. e5
Be7 28. Rd3 Rf8 29. Nd4 Kh8 30. g4 h5 31. Nxc6 Bc5 32. Rh3 b4 33. Rxh5+ Kg7 34.
Rh7+ Kg8 35. Ne7+ 1-0

[Event "XVIII Open Ricciardi"]
[Site "Gallarate ITA"]
[Date "2014.06.17"]
[Round "6"]
[White "Novi', Giuseppe"]
[Black "Pogliano, Stefano"]
[WhiteElo "1802"]
[BlackElo "2012"]
[Result "1/2-1/2"]
[PlyCount "142"]
[EventDate "2014.05.13"]

1. e4 c5 2. Nf3 Nc6 3. d4 cxd4 4. Nxd4 Nf6 5. Nc3 e5 6. Nf3 Bb4 7. Bd2 O-O 8.
Bd3 Qe7 9. O-O h6 10. a3 Bxc3 11. Bxc3 Rd8 12. Re1 d6 13. h3 Be6 14. Qe2 Rac8
15. Rad1 Nh5 16. Bd2 Nf6 17. Bc3 a6 18. Qe3 Nd7 19. Nh2 Nf8 20. f4 exf4 21.
Qxf4 Ng6 22. Qg3 Nce5 23. Nf3 Bd7 24. Nd4 Qh4 25. Qe3 Qf4 26. Qe2 Nh4 27. Rf1
Qg5 28. Nf5 Bxf5 29. exf5 Nxd3 30. Rxd3 Nxf5 31. Qf2 g6 32. g4 Rd7 33. Kh2 Rxc3
34. Rxc3 Ng7 35. Rc8+ Kh7 36. Rf8 Qe5+ 37. Qg3 f5 38. c3 h5 39. Re1 Qxg3+ 40.
Kxg3 fxg4 41. hxg4 Kh6 42. Kh4 g5+ 43. Kh3 h4 44. Rf6+ Kh7 45. Ref1 Re7 46.
R1f3 Re2 47. b4 Ne6 48. Rf7+ Kg8 49. R7f5 Nf4+ 50. R5xf4 gxf4 51. Kxh4 Re4 52.
Kg5 Rc4 53. Kf5 Kf7 54. g5 b5 55. Kg4 Kg6 56. Rxf4 Rxc3 57. Rf6+ Kg7 58. Rxd6
Rxa3 59. Kf5 Rf3+ 60. Kg4 Ra3 61. Rd4 a5 62. bxa5 Rxa5 63. Kh5 Ra7 64. Rb4 Rb7
65. Kh4 Kg6 66. Kg4 Rb6 67. Kf4 Rb7 68. Kg4 Rb6 69. Kh4 Rb7 70. Rf4 Rb6 71. Rb4
Rb7 1/2-1/2

[Event "XVIII Open Ricciardi"]
[Site "Gallarate ITA"]
[Date "2014.06.17"]
[Round "6"]
[White "Vada, Riccardo"]
[Black "Colusso, Ermes"]
[WhiteElo "1653"]
[BlackElo "1718"]
[Result "0-1"]
[PlyCount "50"]
[EventDate "2014.05.13"]

1. e4 c5 2. Nf3 d6 3. d4 cxd4 4. Nxd4 Nf6 5. Nc3 g6 6. f3 Bg7 7. Be3 O-O 8. Qd2
Nc6 9. h4 h5 10. Be2 Qa5 11. Nb3 Qc7 12. O-O-O Kh7 13. Rdg1 Ne5 14. g4 Nc4 15.
Bxc4 Qxc4 16. gxh5 Nxh5 17. Nd5 e5 18. Rg5 Be6 19. Rxh5+ gxh5 20. Rg1 Rg8 21.
Ne7 Bh3 22. Nxg8 Rxg8 23. Rg5 Bh6 24. Rxh5 Rg1+ 25. Bxg1 Qf1# 0-1

[Event "XVIII Open Ricciardi"]
[Site "Gallarate ITA"]
[Date "2014.06.17"]
[Round "6"]
[White "Viale, Daniele"]
[Black "Virgilio, Gianluca"]
[WhiteElo "1579"]
[BlackElo "1787"]
[Result "1-0"]
[PlyCount "69"]
[EventDate "2014.05.13"]

1. d4 Nf6 2. e3 g6 3. Bd3 Bg7 4. f4 d5 5. Nd2 c5 6. c3 c4 7. Bc2 Qa5 8. Ngf3 b5
9. a3 Nc6 10. Ne5 Bd7 11. O-O O-O 12. Ndf3 Qc7 13. Nxd7 Qxd7 14. Ne5 Qe6 15.
Qf3 Nd7 16. e4 Nb6 17. exd5 Nxd5 18. Be4 Rfd8 19. Nxc6 Qxc6 20. f5 e6 21. f6
Bf8 22. h4 h6 23. Qg4 Rd7 24. h5 g5 25. Bxg5 hxg5 26. Qxg5+ Kh8 27. h6 Qc8 28.
h7 Bh6 29. Qxh6 Qf8 30. Qh4 a5 31. Rf3 Rdd8 32. Rg3 Qd6 33. Rg8+ Rxg8 34.
hxg8=Q+ Kxg8 35. Qh7+ 1-0

[Event "III Open del Salento A"]
[Site "Gallipoli ITA"]
[Date "2014.05.17"]
[Round "1"]
[White "Antoli Royo, Joaquin Miguel"]
[Black "Ledger, Stephen C."]
[WhiteElo "2429"]
[BlackElo "2077"]
[Result "1-0"]
[PlyCount "149"]
[EventDate "2014.05.17"]

1. e4 c5 2. Nf3 Nc6 3. Bb5 e6 4. O-O Nge7 5. c3 a6 6. Ba4 b5 7. Bc2 Bb7 8. Re1
Ng6 9. d4 cxd4 10. cxd4 Bb4 11. Nc3 O-O 12. e5 Nce7 13. Ng5 Rc8 14. Be4 Bxe4
15. Ngxe4 d5 16. exd6 Bxd6 17. g3 Bb4 18. a3 Bxc3 19. bxc3 Nd5 20. Bd2 Rc4 21.
a4 bxa4 22. Rxa4 Rxa4 23. Qxa4 Qb6 24. Ra1 Ra8 25. c4 Nf6 26. Nxf6+ gxf6 27.
Be3 Qd6 28. Rc1 Rc8 29. Qa1 e5 30. c5 Qc6 31. h4 Re8 32. d5 Qxd5 33. Qxa6 f5
34. Bh6 Qe6 35. Qxe6 fxe6 36. Rb1 Rc8 37. Rb7 e4 38. Be3 f4 39. gxf4 Nxh4 40.
Rb4 Nf3+ 41. Kg2 Ne1+ 42. Kf1 Nc2 43. Rxe4 Nxe3+ 44. fxe3 Rxc5 45. Rxe6 Rc2 46.
Re7 Rb2 47. f5 h5 48. Kg1 h4 49. e4 h3 50. e5 Kf8 51. f6 h2+ 52. Kh1 Rf2 53.
Ra7 Re2 54. Ra5 Kf7 55. Ra7+ Kf8 56. Ra5 Kf7 57. Rb5 Kf8 58. Rb8+ Kf7 59. Rb7+
Kf8 60. Re7 Rf2 61. Rh7 Re2 62. Rh5 Kf7 63. Rf5 Rb2 64. e6+ Kxe6 65. f7 Kxf5
66. f8=Q+ Ke4 67. Qf1 Rd2 68. Qb1+ Ke3 69. Qb3+ Kd4 70. Qb5 Kc3 71. Qb1 Rc2 72.
Qa1+ Kb3 73. Qd4 Ka2 74. Qb4 Rb2 75. Qc5 1-0

[Event "III Open del Salento A"]
[Site "Gallipoli ITA"]
[Date "2014.05.17"]
[Round "1"]
[White "Blagojevic, Dragisa"]
[Black "Walton, Alan J."]
[WhiteElo "2518"]
[BlackElo "2118"]
[Result "1-0"]
[PlyCount "75"]
[EventDate "2014.05.17"]

1. d4 d5 2. c4 c6 3. Nc3 e6 4. e3 f5 5. Bd3 Nf6 6. Nge2 Bd6 7. Qc2 Ne4 8. O-O
O-O 9. f3 Nxc3 10. bxc3 Nd7 11. Bd2 Nf6 12. cxd5 cxd5 13. c4 Bd7 14. Rab1 dxc4
15. Qxc4 Nd5 16. e4 Nb6 17. Qb3 fxe4 18. Bxe4 Rb8 19. Ba5 Qg5 20. Bxb6 axb6 21.
Qxb6 Qe3+ 22. Kh1 Bxh2 23. Kxh2 Qxe2 24. Qd6 Rbd8 25. Qe5 Qxa2 26. Rxb7 Rf7 27.
Rfb1 Qf2 28. Qh5 g6 29. Qg5 Rdf8 30. d5 Qc5 31. Qe5 Qf2 32. Qg3 Qd4 33. Qd6 Rf4
34. Rxd7 Qf2 35. Qxe6+ R8f7 36. Rb8+ Kg7 37. Rxf7+ Rxf7 38. Qe5+ 1-0